Normal view
MARC view
- M . C . Sharma
Entry Personal Name
001 - CONTROL NUMBER
- control field: 103803
003 - CONTROL NUMBER IDENTIFIER
- control field: NUST
005 - DATE AND TIME OF LATEST TRANSACTION
- control field: 20221129183942.0
008 - FIXED-LENGTH DATA ELEMENTS
- fixed length control field: 221129|| aca||aabn | a|a d
040 ## - CATALOGING SOURCE
- Original cataloging agency: NUST
- Transcribing agency: NUST
100 ## - HEADING--PERSONAL NAME
- Personal name: M . C . Sharma
670 ## - SOURCE DATA FOUND
- Source citation: Work cat.: (NUST)190600: M . C . Sharma, Using Field- Effect Transistors /, 1992
